Использование разноуровневых заданий при работе с текстом (Запись № 10647409)

Подробности
000 -МАРКЕР
контрольное поле 02200nam0a2200361 i 4500
001 - ИДЕНТИФИКАТОР ЗАПИСИ
контрольное поле RU\NLR\BIBL_A\010914496
005 - ИДЕНТИФИКАТОР ВЕРСИИ
контрольное поле 20260407221242.0
010 ## - МЕЖДУНАРОДНЫЙ СТАНДАРТНЫЙ НОМЕР КНИГИ (ISBN)
Номер (ISBN) 9785987099131
Тираж 100
021 ## - НОМЕР ГОСУДАРСТВЕННОЙ РЕГИСТРАЦИИ
Код страны Российская Федерация
Номер 2015-88477
Номер Листа государственной регистраци 5443
035 ## - ДРУГИЕ СИСТЕМНЫЕ НОМЕРА
Идентификатор записи (NILC)RuMoRGB-008072748
035 ## - ДРУГИЕ СИСТЕМНЫЕ НОМЕРА
Идентификатор записи (NLR Aleph) 010914496
100 ## - ДАННЫЕ ОБЩЕЙ ОБРАБОТКИ
Данные общей обработки 20151201d2015 um y0rusy50 ca
101 0# - ЯЗЫК РЕСУРСА
Язык текста, звукозаписи и т.д. русский
102 ## - СТРАНА ПУБЛИКАЦИИ ИЛИ ПРОИЗВОДСТВА
Страна публикации Российская Федерация
105 ## - ПОЛЕ КОДИРОВАННЫХ ДАННЫХ: ТЕКСТОВЫЕ МАТЕРИАЛЫ, МОНОГРАФИЧЕСКИЕ
Кодированные данные о монографическом текстовом документе a|||z||||01yy
200 1# - ЗАГЛАВИЕ И СВЕДЕНИЯ ОБ ОТВЕТСТВЕННОСТИ
Основное заглавие Использование разноуровневых заданий при работе с текстом
Сведения, относящиеся к заглавию методические материалы для учителей начальных классов
-- [сборник статей]
Первые сведения об ответственности Гос. бюджет. общеобразоват. учреждение средняя общеобразоват. школа № 43 с углубл. изуч. иностр. яз. "Лингвистическая школа" Примор. р-на Санкт-Петербурга
Последующие сведения об ответственности [науч. ред.: Бубнова И. А., к. п. н.]
210 ## - ПУБЛИКАЦИЯ, РАСПРОСТРАНЕНИЕ И ДР.
Место издания, распространения и т.д. Санкт-Петербург
Имя издателя, распространителя и т. д. Лема
Дата издания, распространения и т.д. 2015
215 ## - ФИЗИЧЕСКАЯ ХАРАКТЕРИСТИКА
Специфическое обозначение материала и объем 34 с.
Другие сведения о физической характеристике ил.
Размеры 20
320 ## - ПРИМЕЧАНИЯ О НАЛИЧИИ В ДОКУМЕНТЕ БИБЛИОГРАФИИ / УКАЗАТЕЛЯ
Текст примечания Библиогр.: с. 34 (3 назв.)
606 1# - НАИМЕНОВАНИЕ ТЕМЫ КАК ПРЕДМЕТ
Наименование темы Русский язык
Формальный подзаголовок Методические пособия
Тематический подзаголовок Текст
-- Анализ
-- Преподавание
-- Начальная школа
Системный номер авторитетной/нормативной записи 2462698
Идентификатор авторитетной/нормативной записи RU\NLR\AUTH\661463208
606 ## - НАИМЕНОВАНИЕ ТЕМЫ КАК ПРЕДМЕТ
Наименование темы Дети младшего школьного возраста
Формальный подзаголовок Методические пособия
Тематический подзаголовок Формирование учебных навыков
Системный номер авторитетной/нормативной записи 2101425
Идентификатор авторитетной/нормативной записи RU\NLR\AUTH\661574495
686 1# - ИНДЕКСЫ ДРУГИХ КЛАССИФИКАЦИЙ
Индекс Ч486.131(2)5,01я8
686 1# - ИНДЕКСЫ ДРУГИХ КЛАССИФИКАЦИЙ
Индекс Ч421.35,01я8
686 1# - ИНДЕКСЫ ДРУГИХ КЛАССИФИКАЦИЙ
Индекс Ч421.331.1я8
702 #1 - ИМЯ ЛИЦА - ВТОРИЧНАЯ ОТВЕТСТВЕННОСТЬ
Начальный элемент ввода Бубнова
Часть имени, кроме начального элемента ввода И. А.
Расширение инициалов личного имени Инна Анатольевна
Код отношения Редактор
712 02 - НАИМЕНОВАНИЕ ОРГАНИЗАЦИИ - ВТОРИЧНАЯ ОТВЕТСТВЕННОСТЬ
Код отношения Прочие
Начальный элемент ввода "Лингвистическая школа", средняя общеобразовательная школа с углубленным изучением иностранных языков
Идентифицирующий признак 43; Санкт-Петербург
Идентификатор авторитетной/нормативной записи RU\NLR\AUTH\8810148055
Системный номер авторитетной/нормативной записи 790603
801 #0 - ИСТОЧНИК ЗАПИСИ
Страна Российская Федерация
Организация РГБ
Дата составления 20151118
Правила каталогизации RCR
942 ## - ДОПОЛНИТЕЛЬНЫЕ ЭЛЕМЕНТЫ ЗАПИСИ (АБИС)
Тип экземпляра АБИС Книга
980 ## - КОЛЛЕКЦИЯ
Название коллекции НБР

Нет доступных экземпляров.